000
00207 a2200097 4500
245
_a
Ideology and Utopia
_h
Text
100
_a
Karl Mannheim
650
_a
SOCIOLOGY
005
20191021095753.0
260
_b
Routldge
_c
1960
084
_a
NONE
999
_c
12656
_d
12656